Technician mathematics (Record no. 726)
[ view plain ]
| 000 -LEADER | |
|---|---|
| fixed length control field | 00598nam a22002177a 4500 |
| 003 - CONTROL NUMBER IDENTIFIER | |
| control field | OSt |
| 005 - DATE AND TIME OF LATEST TRANSACTION | |
| control field | 20150320104002.0 |
| 008 - FIXED-LENGTH DATA ELEMENTS--GENERAL INFORMATION | |
| fixed length control field | 150317b xxu||||| |||| 00| 0 eng d |
| 020 ## - INTERNATIONAL STANDARD BOOK NUMBER | |
| International Standard Book Number | 9780582234246 |
| 024 ## - OTHER STANDARD IDENTIFIER | |
| Source of number or code | http://41.89.55.70:8000/cgi-bin/koha/cataloguing/addbiblio.pl# |
| 040 ## - CATALOGING SOURCE | |
| Original cataloging agency | SEKU |
| 050 ## - LIBRARY OF CONGRESS CALL NUMBER | |
| Classification number | TA 330 |
| Item number | .B5 1994 |
| 100 ## - MAIN ENTRY--PERSONAL NAME | |
| Personal name | Bird, J. O. |
| 245 ## - TITLE STATEMENT | |
| Title | Technician mathematics |
| Statement of responsibility, etc. | J. O. Bird and A. J. C. May |
| 250 ## - EDITION STATEMENT | |
| Edition statement | 2nd ed. |
| 260 ## - PUBLICATION, DISTRIBUTION, ETC. (IMPRINT) | |
| Place of publication, distribution, etc. | New york: |
| Name of publisher, distributor, etc. | Pearson, |
| Date of publication, distribution, etc. | 1994. |
| 300 ## - PHYSICAL DESCRIPTION | |
| Field link and sequence number | V. |
| 650 ## - SUBJECT ADDED ENTRY--TOPICAL TERM | |
| Topical term following geographic name as entry element | Engineering - Mathematics |
| 700 ## - ADDED ENTRY--PERSONAL NAME | |
| Personal name | May, A. J. C. |
| 942 ## - ADDED ENTRY ELEMENTS (KOHA) | |
| Koha item type | General circulation |
| Source of classification or shelving scheme | Library of Congress Classification |
| Withdrawn status | Lost status | Source of classification or shelving scheme | Damaged status | Not for loan | Home library | Current library | Date acquired | Cost, normal purchase price | Total Checkouts | Full call number | Barcode | Date last seen | Cost, replacement price | Price effective from | Koha item type | Public note | Date last checked out | Copy number |
|---|---|---|---|---|---|---|---|---|---|---|---|---|---|---|---|---|---|---|
| Library of Congress Classification | Main Campus Library | Main Campus Library | 12/08/2014 | 1097.00 | TA 330 .B53 1994 | 2017/020647 | 12/08/2014 | 2500.00 | 12/08/2014 | General circulation | sm | |||||||
| Library of Congress Classification | Main Campus Library | Main Campus Library | 12/08/2014 | 1097.00 | 1 | TA 330 .B53 1994 | 2017/020646 | 25/02/2016 | 2500.00 | 12/08/2014 | General circulation | sm | 11/02/2016 | |||||
| Library of Congress Classification | Main Campus Library | Main Campus Library | 12/08/2014 | 1097.00 | 1 | TA 330 .B53 1994 | 2017/020643 | 19/10/2021 | 2500.00 | General circulation | sm | 21/09/2021 | ||||||
| Library of Congress Classification | Main Campus Library | Main Campus Library | 12/08/2014 | 1097.00 | TA330 .B53 1994 | 2019/023583 | 12/08/2014 | 2500.00 | 12/08/2014 | General circulation | sm | C5 | ||||||
| Library of Congress Classification | Main Campus Library | Main Campus Library | 12/08/2014 | 1097.00 | TA 330 .B53 1994 | 2017/020644 | 12/08/2014 | 2500.00 | 12/08/2014 | General circulation | sm | |||||||
| Library of Congress Classification | Main Campus Library | Main Campus Library | 12/08/2014 | 1590.00 | 12 | TA 330 .B53 1994 V.3 | 2017/019764 | 08/10/2018 | 3000.00 | Shortloan | mk | 08/10/2018 | ||||||
| Library of Congress Classification | Main Campus Library | Main Campus Library | 25/09/2014 | 1097.00 | 1 | TA 330 .B53 1994 | 2017/020642 | 06/04/2022 | 2500.00 | 25/09/2014 | General circulation | sm | 23/03/2022 | |||||
| Library of Congress Classification | Main Campus Library | Main Campus Library | 20/03/2015 | 1097.00 | 6 | TA 330 .B5 1994 | 2019/023581 | 16/02/2022 | 2500.00 | 20/03/2015 | General circulation | 08/02/2022 | ||||||
| Library of Congress Classification | Main Campus Library | Main Campus Library | 02/11/2020 | TA 330 .B5 1994 | 2017/020645 | 02/11/2020 | 02/11/2020 | General circulation |